<?xml version="1.0" encoding="UTF-8"?>
<record
    xmlns:xsi="http://www.w3.org/2001/XMLSchema-instance"
    xsi:schemaLocation="http://www.loc.gov/MARC21/slim http://www.loc.gov/standards/marcxml/schema/MARC21slim.xsd"
    xmlns="http://www.loc.gov/MARC21/slim">

  <leader>02301nam a22002897a 4500</leader>
  <controlfield tag="003">OSt</controlfield>
  <controlfield tag="005">20260220164006.0</controlfield>
  <controlfield tag="008">260220b        |||||||| |||| 00| 0 eng d</controlfield>
  <datafield tag="037" ind1=" " ind2=" ">
    <subfield code="b">Donaci&#xF3;n</subfield>
  </datafield>
  <datafield tag="040" ind1=" " ind2=" ">
    <subfield code="a">CO-JMCR</subfield>
    <subfield code="b">spa</subfield>
    <subfield code="c">CO-JMCR</subfield>
    <subfield code="d">CO-JMCR</subfield>
    <subfield code="e">rda</subfield>
  </datafield>
  <datafield tag="041" ind1="0" ind2="0">
    <subfield code="a">spa</subfield>
  </datafield>
  <datafield tag="082" ind1="0" ind2="4">
    <subfield code="a">338.98</subfield>
    <subfield code="b">N12c</subfield>
  </datafield>
  <datafield tag="111" ind1=" " ind2=" ">
    <subfield code="a">CEPAL</subfield>
    <subfield code="c">San Salvador</subfield>
    <subfield code="d">2012</subfield>
    <subfield code="9">49846</subfield>
  </datafield>
  <datafield tag="245" ind1="0" ind2="0">
    <subfield code="a">Cambio estructural para la igualdad : </subfield>
    <subfield code="b">una visi&#xF3;n integrada del desarrollo /</subfield>
    <subfield code="c">CEPAL</subfield>
  </datafield>
  <datafield tag="260" ind1=" " ind2=" ">
    <subfield code="a">Santiago de Chile (Chile) : </subfield>
    <subfield code="b">Naciones Unidas,</subfield>
    <subfield code="c">2012</subfield>
  </datafield>
  <datafield tag="300" ind1=" " ind2=" ">
    <subfield code="a">80 p&#xE1;ginas : </subfield>
    <subfield code="b">ilustraciones y gr&#xE1;ficas ;</subfield>
    <subfield code="c">21 cm.</subfield>
  </datafield>
  <datafield tag="490" ind1="0" ind2=" ">
    <subfield code="a">S&#xED;ntesis</subfield>
    <subfield code="v">2012</subfield>
  </datafield>
  <datafield tag="504" ind1=" " ind2=" ">
    <subfield code="a">Incluye referencias bibliogrf&#x300;icas</subfield>
  </datafield>
  <datafield tag="505" ind1=" " ind2=" ">
    <subfield code="a">La propuesta de la CEPAL continuidad y ruptura -- El cambio estructural como vector clave del desarrollo -- Ciclo, tendencia y la relaci&#xF3;n entre pol&#xED;tica macroecon&#xF3;mica y cambio estructural -- Ciclo econ&#xF3;mico e inversi&#xF3;n --La dimensi&#xF3;n social en el cambio estructural -- Pol&#xED;tica para una visi&#xF3;n integrada del desarrollo -- Reflexiones finales: La pol&#xED;tica y el estado desde una visi&#xF3;n integrada del desarrollo.</subfield>
  </datafield>
  <datafield tag="520" ind1="3" ind2=" ">
    <subfield code="a">En un contexto mundial particularmente complejo. Am&#xE9;rica Latina y el Caribe requiere, con m&#xE1;s fuerza que nunca, perseverar en tres direcciones para alcanzar el necesario desarrollo: el cambio estructural que permita avanzar hacia sectores m&#xE1;s intensivos en conocimiento, la convergencia para reducir las brechas internas y externas de ingresos y productividad, y la igualdad de derechos. Esto supone tres grandes desaf&#xED;os: lograr un crecimiento sostenido a tasas elevadas, suficientes para cerrar brechas estructurales y generar empleos de calidad; cambiar los patrones de consumo y producci&#xF3;n en el contexto de una verdadera revoluci&#xF3;n tecnol&#xF3;gica con sostenibilidad ambiental, y garantizar la igualdad sobre la base de una estructura productiva m&#xE1;s convergente, con protecci&#xF3;n social universal y construcci&#xF3;n de capacidades.</subfield>
  </datafield>
  <datafield tag="650" ind1=" " ind2="7">
    <subfield code="a">Ciclos econ&#xF3;micos</subfield>
    <subfield code="z">Am&#xE9;rica Latina</subfield>
    <subfield code="9">50326</subfield>
    <subfield code="2">JMCR</subfield>
  </datafield>
  <datafield tag="650" ind1=" " ind2="7">
    <subfield code="a">Desarrollo cientif&#xED;co y tecnol&#xF3;g&#x324;ico</subfield>
    <subfield code="z">Am&#xE9;rica Latina</subfield>
    <subfield code="9">47290</subfield>
    <subfield code="2">JMCR</subfield>
  </datafield>
  <datafield tag="650" ind1=" " ind2="7">
    <subfield code="a">Productividad</subfield>
    <subfield code="z">Am&#xE9;rica Latina</subfield>
    <subfield code="9">50327</subfield>
    <subfield code="2">JMCR</subfield>
  </datafield>
  <datafield tag="710" ind1="2" ind2=" ">
    <subfield code="9">3404</subfield>
    <subfield code="a">Comisi&#xF3;n econ&#xF3;mica para Am&#xE9;rica Latina y el Caribe. CEPAL </subfield>
  </datafield>
  <datafield tag="710" ind1="2" ind2=" ">
    <subfield code="a">Naciones Unidas</subfield>
    <subfield code="9">30662</subfield>
  </datafield>
  <datafield tag="942" ind1=" " ind2=" ">
    <subfield code="c">BK</subfield>
    <subfield code="2">ddc</subfield>
  </datafield>
  <datafield tag="999" ind1=" " ind2=" ">
    <subfield code="c">31152</subfield>
    <subfield code="d">17536</subfield>
  </datafield>
  <datafield tag="952" ind1=" " ind2=" ">
    <subfield code="0">0</subfield>
    <subfield code="1">0</subfield>
    <subfield code="2">ddc</subfield>
    <subfield code="4">0</subfield>
    <subfield code="7">0</subfield>
    <subfield code="8">NFIC</subfield>
    <subfield code="a">CPL</subfield>
    <subfield code="b">CPL</subfield>
    <subfield code="c">CART</subfield>
    <subfield code="d">2026-02-20</subfield>
    <subfield code="l">0</subfield>
    <subfield code="o">338.98 N12c</subfield>
    <subfield code="p">201812414</subfield>
    <subfield code="r">2026-02-20 16:41:38</subfield>
    <subfield code="t">Ej.1</subfield>
    <subfield code="w">2026-02-20</subfield>
    <subfield code="y">BK</subfield>
  </datafield>
</record>
